000 00303nam a22001337a 4500
008 170629b xxu||||| |||| 00| 0 eng d
020 _a9780312149130
041 _aeng
080 _a82
100 _a22
101 _aGJL
245 _aSINGS OF LIFE IN THE READINGS
_cMAASIK.S
942 _2udc
_cBK
999 _c19625
_d19625